000 00921nam a2200241Ia 4500
003 OSt
005 20220923220848.0
006 a|||||r|||| 00| 0
007 ta
008 220922b |||||||| |||| 00| 0 hin d
024 _a191,526
037 _cTextual
040 _aARTS
_cARTS
_bhin
041 _2hin
_ahin
082 _aV2y7M97,1, 152M5
100 _aबिस्मिल, रामप्रसाद
245 0 _aआत्मकथा रामप्रसाद बिस्मिल, संपा बनारसीदास चतुर्वेदी
246 _aĀtmakathā rāmaprasād bismila, sanpā0 banārasīdās chaturvedī
260 _aदिल्ली
_b आत्माराम एण्ड संस
_c1985
300 _a172पृ.
_ccm.
942 _hV2y7M97,1, 152M5
_cTEXL
_2CC
999 _c344233
_d344233